| 000 | 01016nam a2200229Ia 4500 | ||
|---|---|---|---|
| 999 |
_c50944 _d50944 |
||
| 001 | 17901 | ||
| 003 | GE_BSU | ||
| 005 | 20200228112653.0 | ||
| 008 | 181216s1937ge xx |||||||||||||| ||geo|| | ||
| 040 | _cGE_BSU | ||
| 041 | _ageo | ||
| 080 | _a821.353.1-32 ჭ-15 | ||
| 100 |
_aჭავჭავაძე, ი. (ილია, 1837-1907) _97595 |
||
| 245 |
_aოთარაანთ ქვრივი : _bმოთხრობა / _c ი. ჭავჭავაძე ; რედ.ი. გრიშაშვილი ; მხატვ. ლ. ზაალიშვილი. |
||
| 264 |
_aთბილისი : _bფედერაცია, _c1937. |
||
| 300 |
_a94 გვ. ; _c17 სმ. |
||
| 653 | _aოთარაანთ ქვრივი | ||
| 653 | _aქართული ლიტერატურა | ||
| 700 |
_aგრიშაშვილი, ი _eრედაქტორი _94937 |
||
| 700 |
_aზაალიშვილი, ლ _eმხატვარი _97614 |
||
| 942 |
_cBK _2udc |
||